|
|
|
|
| LEADER |
00000nas a22000001a 4500 |
| 001 |
vtls010301464 |
| 003 |
SK-MaSNL |
| 005 |
20260228163232.0 |
| 008 |
110810d19351948xo u p r 0 b0slo |
| 015 |
|
|
|a SNBDS17XX9999
|
| 015 |
|
|
|a 0225
|2 Kipsová 1919-38
|
| 015 |
|
|
|a 0568
|2 Balúnová 1945-1960
|
| 022 |
|
|
|a 1337-5237
|
| 038 |
|
|
|a SNKBUDS
|
| 040 |
|
|
|a SNK
|b slo
|c SNK
|e AACR2
|
| 041 |
0 |
|
|a slo
|
| 044 |
|
|
|a xo
|c SK
|
| 080 |
|
|
|a 274/278
|2 2001
|
| 080 |
|
|
|a 070.482
|2 2001
|
| 222 |
|
0 |
|a Košický evanjelik
|
| 245 |
0 |
0 |
|a Košický evanjelik
|b zprávy evanj. a. v. cirk. sboru slovenského
|
| 260 |
|
|
|a Košice
|b Ev. a. v. cirk. sbor slovenský v Košiciach
|c 1935-1938
|
| 260 |
3 |
|
|3 1945-1948
|a Košice
|b Farský úrad ev. a.v. v Košiciach
|
| 300 |
|
|
|a 7 roč.
|c 23 x 16 cm
|
| 310 |
|
|
|a Periodicita sa nedá určiť
|b 1945-1948
|
| 310 |
|
|
|a 4x ročne
|b 1935-1938
|
| 362 |
0 |
|
|a Roč. I, č. 1 (15.6.1935)-roč. VII, č. 8-10 (20. okt. 1948)
|
| 500 |
|
|
|a Vych. v Košiciach štyrikrát do roka; od r. 1945 nepravidelne
|
| 500 |
|
|
|a Vyd. Ev. a. v. cirk. sbor slovenský v Košiciach; od r. 1945 vyd. Farský úrad ev. a.v. v Košiciach
|
| 500 |
|
|
|a Tlač. Grafika; od r. 1945 Athenaeum v Košiciach
|
| 500 |
|
|
|a Časopis vychádzal od 15. júna 1935 do 15. mája 1938, od Vianoc 1945 nadviazal na IV. roč. (1938)
|
| 500 |
|
|
|a Red. Juraj Raab Kello; od r. 1945 bez redakč. údajov
|
| 505 |
8 |
0 |
|g Roč. I. 1935 3 čís. po 16 s.
|
| 505 |
8 |
0 |
|g Roč. II. 1936 3 čís. po 6-12 s.
|
| 505 |
8 |
0 |
|g Roč. III. 1937 4 čís. po 12-16 s.
|
| 505 |
8 |
0 |
|g Roč. IV. 1938 2 čís. 118 s.
|
| 505 |
8 |
0 |
|g Roč. V. 1945/1946 12 č. po 8-16 s
|
| 505 |
8 |
0 |
|g Roč. VI. 1947 12 č. po 8-16 s
|
| 505 |
8 |
0 |
|g Roč. VII. 1948 10 č. po 8-16 s.
|
| 650 |
0 |
7 |
|a Evanjelická cirkev a.v
|2 SNKBUDS
|9 268741
|
| 655 |
|
7 |
|a evanjelické náboženské časopisy
|2 SNKBUDS
|9 269352
|
| 700 |
1 |
|
|a Raab-Kello, Juraj
|4 red
|9 273425
|
| 710 |
2 |
|
|a Evanjelický a. v. cirkevný zbor slovenský (Košice, Slovensko)
|e vydav.
|9 273426
|
| 710 |
2 |
|
|a Grafika (Košice, Slovensko)
|e tlač.
|9 273427
|
| 710 |
2 |
|
|a Farský úrad ev. a.v. (Košice, Slovensko)
|e vydav.
|9 273428
|
| 710 |
2 |
|
|a Athenaeum (Košice, Slovensko)
|e tlač.
|9 273296
|
| 852 |
|
|
|a SNK
|b 10000
|h ČSC 438
|
| 852 |
|
|
|a UKB
|b 300000
|h SE 2213
|
| 852 |
|
|
|a UKB
|b 300000
|h XX E 1521
|
| 852 |
|
|
|a PANKP
|b 5000000
|h II 5371
|
| 852 |
|
|
|a SVKKK
|b 900000
|h B 63
|
| 999 |
|
|
|c 9068
|d 10998
|